Memphis Basketball: Leading Scorer Every Year - Statistics

General Stats
  • This quiz has been taken 9 times
    3 since last reset
  • The average score is 32 of 69
Answer Stats
Year Player Average % Correct
1991-1992 Penny Hardaway 17.4
100%
1992-1993 Penny Hardaway 22.8
100%
2014-2015 Austin Nichols 13.3
67%
2006-2007 Chris Douglas-Roberts 15.4
67%
2007-2008 Chris Douglas-Roberts 18.1
67%
2023-2024 David Jones 21.8
67%
2015-2016 Dedric Lawson 15.8
67%
2016-2017 Dedric Lawson 19.2
67%
2021-2022 Jalen Duren 12.0
67%
1969-1970 James Douglas 17.1
67%
2017-2018 Jeremiah Martin 18.9
67%
2018-2019 Jeremiah Martin 19.7
67%
1981-1982 Keith Lee 18.3
67%
1982-1983 Keith Lee 18.7
67%
1983-1984 Keith Lee 18.4
67%
1984-1985 Keith Lee 19.7
67%
1999-2000 Kelly Wise 14.5
67%
2000-2001 Kelly Wise 15.3
67%
2022-2023 Kendric Davis 21.9
67%
2020-2021 Landers Nolley 13.1
67%
2019-2020 Precious Achiuwa 15.8
67%
1968-1969 Rich Jones 21.7
67%
2008-2009 Tyreke Evans 17.1
67%
2010-2011 Will Barton 12.3
67%
2011-2012 Will Barton 18.0
67%
1974-1975 Bill Cook 19.1
33%
1975-1976 Bill Cook 18.9
33%
1962-1963 Bob Neumann 22.1
33%
1963-1964 Bob Neumann 20.7
33%
1996-1997 Cedric Henderson 16.0
33%
2002-2003 Chris Massie 16.7
33%
2001-2002 Dajuan Wagner 21.2
33%
1993-1994 David Vaughn 16.6
33%
1973-1974 Dexter Reed 18.4
33%
1976-1977 Dexter Reed 17.0
33%
1987-1988 Dwight Boyd 15.2
33%
1988-1989 Elliot Perry 19.4
33%
1989-1990 Elliot Perry 16.8
33%
1990-1991 Elliot Perry 20.8
33%
2009-2010 Elliot Williams 17.9
33%
1959-1960 George Price 17.7
33%
1980-1981 Hank McDowell 11.9
33%
1961-1962 Hunter Beckmann 21.3
33%
1977-1978 James Bradley 18.3
33%
1978-1979 James Bradley 15.7
33%
1958-1959 Jim Hockaday 15.2
33%
2012-2013 Joe Jackson 13.6
33%
2013-2014 Joe Jackson 14.1
33%
1964-1965 John Hillman 20.1
33%
1970-1971 Larry Finch 18.4
33%
1971-1972 Larry Finch 23.9
33%
1972-1973 Larry Finch 24.0
33%
1994-1995 Lorenzen Wright 14.8
33%
1995-1996 Lorenzen Wright 17.4
33%
1965-1966 Mike Butler 19.2
33%
1966-1967 Mike Butler 17.1
33%
1967-1968 Mike Butler 19.4
33%
1997-1998 Omar Sneed 20.9
33%
1998-1999 Omar Sneed 16.7
33%
1957-1958 Orby Arnold 15.8
33%
1979-1980 Otis Jackson 12.1
33%
2004-2005 Rodney Carney 16.0
33%
2005-2006 Rodney Carney 17.2
33%
2003-2004 Sean Banks 17.4
33%
1986-1987 Vincent Askew 15.1
33%
1960-1961 Wayne Yates 17.5
33%
1985-1986 William Bedford 17.3
33%
1955-1956 Win Wilfong 22.1
33%
1956-1957 Win Wilfong 20.8
33%
No matching quizzes found
Score Distribution
Percent of People with Each Score
Percentile by Number Answered
Your Score History
You have not taken this quiz since the last reset